Lineamientos y prioridades para la educación superior

Gespeichert in:
Bibliographische Detailangaben
Hauptverfasser: Frei Ruiz-Tagle, Eduardo (VerfasserIn), Arellano Marín, José Pablo (VerfasserIn)
Format: Buch
Sprache:Spanisch
Veröffentlicht: Santiago Ministerio de Educación 1999
Schlagworte:
Tags: Tag hinzufügen
Keine Tags, Fügen Sie den ersten Tag hinzu!

MARC

LEADER 00000nam a2200000 a 4500
001 UCL3177
003 CL-VaPUC
008 031114e19990000CL |||||||||||||||||spa|d
082 0 4 |a 379.118  |b FRE  |2 21 
100 0 |a Frei Ruiz-Tagle, Eduardo  |e author  |9 451784 
700 0 |a Arellano Marín, José Pablo  |e author  |9 480435 
245 1 0 |a Lineamientos y prioridades para la educación superior 
300 |a 43 p 
942 |c BK 
945 |d 20031114 00:00:00  |a cmena 
260 |a Santiago  |b Ministerio de Educación  |c 1999 
650 0 |a Estado y educación   |9 311264 
650 0 |a Educación superior   |9 223851 
650 0 |a Calidad de la educación   |9 307271 
583 |a last modification  |c 20031114 00:00:00  |k Rodrigo Vera 
999 |c 306298  |d 306296 
952 |0 0  |1 0  |4 0  |6 379_118000000000000_FRE_1999  |7 0  |8 A  |9 371220  |a BIBEDU  |b BIBEDU  |d 2019-11-21  |i 3962873  |o 379.118 FRE 1999  |p 3962873  |r 2019-11-21  |w 2019-11-21  |y BK  |k EPE